书目信息 |
| 题名: |
马克思学说中人的概念
|
|
| 作者: | 李云峰 著 | |
| 分册: | ||
| 出版信息: | 北京 人民出版社 2007 |
|
| 页数: | 276页 | |
| 开本: | 21cm | |
| 丛书名: | ||
| 单 册: | ||
| 中图分类: | C912.1 , A811.64 | |
| 科图分类: | ||
| 主题词: | 马克思主义--人学--研究 , 人学 , 马克思主义 , 马恩著作--学习 , 马恩著作研究 | |
| 电子资源: | ||
| ISBN: | 978-7-01-006063-7 | |
| 000 | 01002nam0 2200289 450 | |
| 001 | 0959492074 | |
| 005 | 20090928163305.10 | |
| 010 | @a978-7-01-006063-7@dCNY23.00 | |
| 100 | @a20070318d2007 em y0chiy50 ea | |
| 101 | 0 | @achi |
| 102 | @aCN@b110000 | |
| 105 | @ay z 000yy | |
| 106 | @ar | |
| 200 | 1 | @a马克思学说中人的概念@f李云峰著@Ama ke si xue shuo zhong ren de gai nian |
| 210 | @a北京@c人民出版社@d2007 | |
| 215 | @a276页@d21cm | |
| 330 | @a本书对作为马克思学说出发点的人提出了不同于理论界以往的解读,主要包括:马克思学说中人的概念的理论渊源与社会基础、马克思对社会主体——人的概念的探索、马克思学说中人的概念、马克思学说中人的概念的理论意义及其当代价值。 | |
| 606 | 0 | @a马克思主义@x人学@x研究 |
| 606 | 0 | @a人学 |
| 606 | 0 | @a马克思主义 |
| 606 | 0 | @a马恩著作@x学习 |
| 606 | 0 | @a马恩著作研究 |
| 690 | @aC912.1@v4 | |
| 690 | @aA811.64@v4 | |
| 701 | 0 | @a李云峰@c(女,@f1957~)@4著@Ali yun feng |
| 801 | 0 | @aCN@b110017@c20070424 |
| 905 | @a10447@dA811.64@eJY28 | |
| 马克思学说中人的概念/李云峰著.-北京:人民出版社,2007 |
| 276页;21cm |
| ISBN 978-7-01-006063-7:CNY23.00 |
| 本书对作为马克思学说出发点的人提出了不同于理论界以往的解读,主要包括:马克思学说中人的概念的理论渊源与社会基础、马克思对社会主体——人的概念的探索、马克思学说中人的概念、马克思学说中人的概念的理论意义及其当代价值。 |
| ● |
| 相关链接 |
|
|
|
|
正题名:马克思学说中人的概念
索取号:A811.64/JY28
 
预约/预借
| 序号 | 登录号 | 条形码 | 馆藏地/架位号 | 状态 | 备注 |
| 1 | 7804928 | 278049283 | 学院路分馆/ [索取号:A811.64/JY28] | 在馆 | |
| 2 | 7804929 | 278049292 | 学院路分馆/ [索取号:A811.64/JY28] | 在馆 |